Protocol of amendment to the charter of the Organization of American States, "Protocol of Buenos Aires," (Record no. 51620)
[ view plain ]
| 000 -LEADER | |
|---|---|
| fixed length control field | 01124cam a22002651 4500 |
| 001 - CONTROL NUMBER | |
| control field | pa 68000014 |
| 003 - CONTROL NUMBER IDENTIFIER | |
| control field | DLC |
| 005 - DATE AND TIME OF LATEST TRANSACTION | |
| control field | 20260227111857.0 |
| 008 - FIXED-LENGTH DATA ELEMENTS--GENERAL INFORMATION | |
| fixed length control field | 710901s1967 dcu 00010 eng c |
| 010 ## - LIBRARY OF CONGRESS CONTROL NUMBER | |
| LC control number | pa 68000014 //r896 |
| 040 ## - CATALOGING SOURCE | |
| Original cataloging agency | Pan American Union. Library |
| Modifying agency | DLC |
| 050 0# - LIBRARY OF CONGRESS CALL NUMBER | |
| Classification number | F1405.5 1959 |
| Item number | .O7 OEA/ser.A2/add.2 |
| 110 20 - MAIN ENTRY--CORPORATE NAME | |
| Corporate name or jurisdiction name as entry element | Organization of American States. |
| 245 10 - TITLE STATEMENT | |
| Title | Protocol of amendment to the charter of the Organization of American States, "Protocol of Buenos Aires," |
| Remainder of title | with the corresponding articles of the charter now in force and the charter as amended. |
| 260 0# - PUBLICATION, DISTRIBUTION, ETC. | |
| Place of publication, distribution, etc. | Washington, |
| Name of publisher, distributor, etc. | Pan American Union, |
| Date of publication, distribution, etc. | 1967. |
| 300 ## - PHYSICAL DESCRIPTION | |
| Extent | iv, 58 p. |
| Dimensions | 22 x 28 cm. |
| 350 ## - PRICE (NR) (BK AM CF MU VM SE) [OBSOLETE] | |
| Price | 0.50 |
| 490 1# - SERIES STATEMENT | |
| Series statement | Treaty series ; |
| Volume/sequential designation | no. 1-B |
| 490 1# - SERIES STATEMENT | |
| Series statement | OAS official records ; |
| Volume/sequential designation | OEA/Ser.A/2, add.2 (English) |
| 610 20 - SUBJECT ADDED ENTRY--CORPORATE NAME | |
| Corporate name or jurisdiction name as entry element | Organization of American States. |
| Title of a work | Charter. |
| 710 20 - ADDED ENTRY--CORPORATE NAME | |
| Corporate name or jurisdiction name as entry element | Organization of American States. |
| Title of a work | Charter. |
| 740 01 - ADDED ENTRY--UNCONTROLLED RELATED/ANALYTICAL TITLE | |
| Uncontrolled related/analytical title | Protocol of Buenos Aires. |
| 830 #0 - SERIES ADDED ENTRY--UNIFORM TITLE | |
| Uniform title | Treaty series (Organization of American States. General Secretariat) ; |
| Volume/sequential designation | no. 1-B. |
| 830 #0 - SERIES ADDED ENTRY--UNIFORM TITLE | |
| Uniform title | OAS official records ; |
| Volume/sequential designation | OEA/Ser.A/2, add.2 (English) |
No items available.